=LDR 00000nam 2200000 4500 =001 INLIS000000000061738 =005 20221108090131 =035 ##$$a 0010-1122000119 =007 ta =008 221108###########################0###### =082 ##$$a 352.959 865 14 =084 ##$$a 352.959 865 14 LOM g =100 #$$a Lombok Utara, Sekertariat Daerah =245 1#$$a Galeri photo kegiatan pimpinan Daerah Edisi Tahun 2021 =260 ##$$a Tanjung :$b Bagian Protokol dan Komunikasi Pimpinan Setda Lombok Utara,$c 2021 =300 ##$$a 76 halaman : $b Ilustrasi ; $c 13 cm =650 #4$$a Pemerintah Daerah - Lombok Utara =990 ##$$a 3116431164 =990 ##$$a 3116431164 =990 ##$$a 3116431164 =990 ##$$a 484/51/2022 =990 ##$$a 7202202757 =990 ##$$a 7202202758 =990 ##$$a 484/51/2022 =990 ##$$a 7202202757 =990 ##$$a 484/51/2022 =990 ##$$a 484/51/2022 =990 ##$$a 484/51/2022 =990 ##$$a 484/51/2022